Quizzes
Events
Quiz Creation
Community
Videos
Private Events
Remove Ads
Sign In
Join for FREE
Feedback
Dark Mode
Quiz Categories
Sports
Geography
Music
Movies
Television
Just For Fun
Miscellaneous
History
Literature
Language
Science
Gaming
Entertainment
Religion
Holiday
For Kids
Quiz Lab
Recent
Popular Today
Quiz Kudos Today
Editor Picks
Curator Picks
Quizzes by...
Day
Popularity
Type
Ratings
Length
Year
Community
Subscriptions
Recent Discussions
Orange Saloon
Badges
Playlists
Quests
Create
Leaderboards
Showdown
Live 5
Trivia Bingo
Activity
Puzzle Library
Sporcle Events
Private Events
Virtual Trivia
Globe League
Become a Host
Pub Owners
SporcleCon
Opinionation
Our Games
Videos
Blog
Mobile Apps
Partnerships
Remove Ads and Go Orange
Feedback
Music
Pop Music
The Beatles
Song
Album
Lyrics
Bands
Singers
Artist
Clip
Rock
Rap
Classical
Billboard
Country Music
Kpop
Taylor Swift
Music
Pop Music
The Beatles
Song
Album
Lyrics
Bands
Singers
Artist
Clip
Rock
Rap
Classical
Billboard
Country Music
Kpop
Taylor Swift
Random Quiz
Search Sporcle
×
Quiz Lab
Quiz Lab
Music
Song
Type in answers that appear in a list
Type in answers that appear in a list
Classic
Best Score? Go Orange.
Huey Lewis & the News studio album songs Stats
Can you name the Huey Lewis & the News songs?
By
UNCCTF
10m
88 Questions
285 Plays
285 Plays
285 Plays
Comments
Comments
Give Quiz Kudos
Give Quiz Kudos
-
- Ratings
hide this ad
Replay
Link that replays current quiz
Next Quiz
Link to next quiz in quiz playlist
You Got
0%
They Got
Avg Score
51%
Avg Friend Score
Upgrade to see
Score Distribution
Jump to the score distribution portion of the page
Score
0/88
Timer
10:00
0
Plays Today
Album
Song
% Correct
Sports
The Heart of Rock and Roll
91.6%
Sports
If This Is It
88.8%
Sports
I Want a New Drug
87.7%
Small World
Small World (Part One)
86.3%
Small World
Small World (Part Two)
86.3%
Fore!
Jacob's Ladder
86%
Fore!
Hip to Be Square
83.5%
Fore!
Stuck with You
82.8%
Sports
Heart and Soul
81.8%
Picture This
Do You Believe in Love
78.2%
Huey Lewis and the News
Hearts
77.9%
Picture This
Workin for a Livin
77.5%
Fore!
Doing It All For My Baby
77.2%
Small World
Perfect World
77.2%
Sports
Bad is Bad
76.5%
Sports
Walking on a Thin Line
76.1%
Hard at Play
Couple Days Off
70.5%
Picture This
Buzz Buzz Buzz
69.5%
Fore!
I Know What I Like
65.6%
Four Chords and Several Years Ago
But It's Alright
65.3%
Hard at Play
It Hit Me Like a Hammer
64.2%
Fore!
Naturally
63.5%
Sports
Honky Tonk Blues
62.1%
Huey Lewis and the News
Some of My Lies are True (Sooner or Later)
61.4%
Fore!
Forest for the Trees
61.4%
Picture This
Hope You Love Me Like You Say You Do
60%
Fore!
Simple as That
60%
Huey Lewis and the News
Trouble in Paradise
59.3%
Picture This
Change of Heart
58.6%
Small World
Old Antone's
58.2%
Album
Song
% Correct
Plan B
Plan B
58.2%
Small World
Give Me the Keys (And I'll Drive You Crazy)
57.9%
Picture This
The Only One
57.5%
Sports
You Crack Me Up
56.5%
Small World
Walking with the Kid
54.4%
Sports
Finally Found a Home
53.7%
Small World
Bobo Tempo
53.7%
Small World
Slammin'
53.7%
Fore!
Whole Lotta Lovin'
53%
Fore!
I Never Walk Alone
51.2%
Picture This
Tell Me a Little Lie
49.1%
Small World
World to Me
49.1%
Huey Lewis and the News
Who Cares?
48.8%
Picture This
Whatever Happened to True Love
46.7%
Hard at Play
Time Ain't Money
46.7%
Hard at Play
Build Me Up
46.3%
Picture This
Giving it All Up for Love
46%
Picture This
Is It Me?
46%
Hard at Play
He Don't Know
46%
Four Chords and Several Years Ago
(She's) Some Kind of Wonderful
45.3%
Hard at Play
That's Not Me
44.6%
Huey Lewis and the News
Stop Trying
44.2%
Huey Lewis and the News
Don't Ever Tell Me That You Love Me
43.9%
Hard at Play
Attitude
43.9%
Small World
Better Be True
42.8%
Plan B
We're Not Here For A Long Time (We're Here For A Good Time)
42.5%
Huey Lewis and the News
If You Really Love Me You'll Let Me
42.1%
Four Chords and Several Years Ago
Shake, Rattle and Roll
41.4%
Hard at Play
We Should Be Making Love
41.1%
Four Chords and Several Years Ago
Stagger Lee
41.1%
Album
Song
% Correct
Hard at Play
Do You Love Me, or What?
40.7%
Hard at Play
Best of Me
40%
Huey Lewis and the News
Now Here's You
39.3%
Four Chords and Several Years Ago
Little Bitty Pretty One
38.6%
Four Chords and Several Years Ago
Blue Monday
37.9%
Huey Lewis and the News
I Want You
37.5%
Four Chords and Several Years Ago
Function at the Junction
37.2%
Hard at Play
Don't Look Back
36.8%
Plan B
I'm Not in Love Yet
35.4%
Plan B
So Little Kindness
35.4%
Plan B
Let Her Go and Start Over
35.1%
Four Chords and Several Years Ago
Going Down Slow
34%
Plan B
When I Write the Book
34%
Plan B
My Other Woman
33.7%
Four Chords and Several Years Ago
Mother in Law
33.3%
Plan B
The Rhythm Ranch
33.3%
Plan B
I Ain't Perfect
33%
Four Chords and Several Years Ago
You Left the Water Running
32.6%
Four Chords and Several Years Ago
Good Morning Little School Girl
31.9%
Plan B
Thank You No. 19
31.9%
Plan B
I Never Think About You
31.2%
Huey Lewis and the News
Don't Make Me Do It
30.5%
Four Chords and Several Years Ago
Searching For My Love
30.2%
Four Chords and Several Years Ago
Better to Have and Not Need
29.1%
Four Chords and Several Years Ago
Surely I Love You
28.4%
Four Chords and Several Years Ago
She Shot a Hole in My Soul
26%
Four Chords and Several Years Ago
Your Cash Ain't Nothin' but Trash
24.9%
Four Chords and Several Years Ago
If You Gotta Make a Fool of Somebody
20.4%
Quiz Playlist
Details
Report
Send in Message
Add To Playlist
Classic:
Type in answers that appear in a list
Quiz Source
Last Updated: Feb 16, 2017
Quiz Scoreboard
CHALLENGE
Sign Up to Join the Scoreboard
Show All
Scores
Hide
Comments
May contain spoilers
Recently Published
Movies - When Are They Set?
by FPL_Elf
Movies
5m
Popular People in 1961
by mucciniale
History
6m
1-10 Letter E Words III
by El_Dandy
Language
2m
More to Explore
Quiz From the Vault
Featured Blog Post
Where Did the Easter Bunny Come From?
hide this ad
You Might Also Like...
Tags
Album Quiz
Song Quiz
Huey
Huey Lewis
Lewis
studio
Today's Top Quizzes in Music
Browse Music
hide this ad
Today's Top Quizzes in Song
Browse Song
Top Contributed Quizzes in Music
1
Taylor Swift All Songs (2024)
2
2010s Album by Cover III
3
One Thing in Common: Music
4
Taylor Swift Logic Puzzle
5
Guess the Artist- 70s Songs
6
2010s Album by Cover IV
7
Guess the Taylor Swift song (Mystery Song)
8
2010s Album by Cover V
9
Lana Del Rey Discography (BTD to DYKTTATUOB)
10
2010s Album by Cover VI
Explore More
Trending Topics
Harry Potter
Marvel
Crossword
NBA
Anime
Kpop
Disney
NFL
Pokémon
Country
Song
WWE
Puzzle
The Office
Soccer
hide this ad
More By:
UNCCTF
Quiz
Plays
Rating
Category
Featured
Created
Pre-Space Shuttle Astronauts
556
4.67
History
Nov 4, 2009
Huey Lewis & the News studio album songs
285
5.00
Music
Nov 2, 2009
Mid-Major NCAA Basketball Coaches
192
4.00
Sports
Jan 31, 2010
Charlotte 49ers Basketball Trivia
108
5.00
Sports
Dec 5, 2009
Go to Creator's Profile
Score Distribution
Quiz Creator Spotlight
UNCCTF
Follow
Send a Message
Quizzes Created
-
Created Quiz Play Count
-
More By This Creator
Popular Quizzes Today
1
Find the US States - No Outlines Minefield
2
Find the Countries of Europe - No Outlines Minefield
3
The Countries of the World
4
Popular People in 1961
5
1-10 Letter E Words III
6
US States
7
Find the US States
8
One Thing in Common: World Cities II
More Music Quizzes
BTS Song by Jin's Part (Audio Quiz)
Quiz Lab
Trending Quizzes
Risky Map Clicking: Least Populous States A-Z
1-10 Letter F Words
1-10 Letter G Words
One Thing in Common: United Kingdom
Risky Map Clicking: Next State Alphabetically
Recently Updated
Leaping Animals
pecheneg
Reality TV Shows (A-Z)
bhenderson79
Rickey Henderson's Hall of Fame Teammates
pecheneg
Champions League XIs: Arsenal
pecheneg
Quick Pick: Celebrities in WWE's Hall of Fame
aduchscher
A-Z Keypad Blitz II
pecheneg
Multiple Oscar Actors
pecheneg
Mystery Phrase Blitz: Oscar 'Best Actors'
pecheneg
F. Scott Fitzgerald Novels
LTH
Pick 3 Villains
ddd62291
Trending Topics
Anime
Disney
Harry Potter
NBA
Marvel
Crossword
Kpop
NFL
Song
Pokémon
Soccer
The Office
Puzzle
WWE
Country
Your Account Isn't Verified!
In order to create a playlist on Sporcle, you need to verify the email address you used during registration. Go to your
Sporcle Settings
to finish the process.
Report this User
Report this user for behavior that violates our
Community Guidelines
.
Details:
Send Report
Go to the Sporcle.com Mobile Site →
Comments